Maintenance planning and scheduling handbook / (Record no. 23216)
[ view plain ]
| 000 -LEADER | |
|---|---|
| fixed length control field | 03087cam a2200349 a 4500 |
| 001 - CONTROL NUMBER | |
| control field | 17455003 |
| 005 - DATE AND TIME OF LATEST TRANSACTION | |
| control field | 20201128024012.0 |
| 008 - FIXED-LENGTH DATA ELEMENTS--GENERAL INFORMATION | |
| fixed length control field | 120906s2013 nyua frbd 001 0 eng d |
| 010 ## - LIBRARY OF CONGRESS CONTROL NUMBER | |
| LC control number | 2012027968 |
| 020 ## - INTERNATIONAL STANDARD BOOK NUMBER | |
| International Standard Book Number | 9780071784115 (hbk. : alk. paper) |
| 020 ## - INTERNATIONAL STANDARD BOOK NUMBER | |
| International Standard Book Number | 007178411X (hbk. : alk. paper) |
| 040 ## - CATALOGING SOURCE | |
| Original cataloging agency | DLC |
| Language of cataloging | eng |
| Transcribing agency | DLC |
| Modifying agency | DLC |
| -- | EG-ScBUE |
| 042 ## - AUTHENTICATION CODE | |
| Authentication code | pcc |
| 082 04 - DEWEY DECIMAL CLASSIFICATION NUMBER | |
| Edition number | 22 |
| Classification number | 658.202 |
| Item number | PAL |
| 100 1# - MAIN ENTRY--PERSONAL NAME | |
| Personal name | Palmer, Doc. |
| 9 (RLIN) | 41679 |
| 245 10 - TITLE STATEMENT | |
| Title | Maintenance planning and scheduling handbook / |
| Statement of responsibility, etc | Doc Palmer. |
| 250 ## - EDITION STATEMENT | |
| Edition statement | 3rd ed. |
| 260 ## - PUBLICATION, DISTRIBUTION, ETC. (IMPRINT) | |
| Place of publication, distribution, etc | New York : |
| Name of publisher, distributor, etc | The McGraw-Hill Companies, Inc., |
| Date of publication, distribution, etc | c.2013. |
| 300 ## - PHYSICAL DESCRIPTION | |
| Extent | xxxix, 861 p. : |
| Other physical details | ill. ; |
| Dimensions | 25 cm. |
| 500 ## - GENERAL NOTE | |
| General note | Index : p. 845-861. |
| 500 ## - GENERAL NOTE | |
| General note | Glossary : p. 835-838. |
| 504 ## - BIBLIOGRAPHY, ETC. NOTE | |
| Bibliography, etc | Bibliography : p. 839-841. |
| 505 ## - FORMATTED CONTENTS NOTE | |
| Formatted contents note | Prologue: a day in the life, May 10, 2020 -- The business case for the benefit of planning (why do planning?) -- Planning principles (what makes planning so frustrating and what makes it work?) -- Scheduling principles (why do we have to do scheduling and what makes it work?) -- Success only after dealing with reactive maintenance (what if something breaks?) -- Basic planning (let's plan a work order) -- Advance scheduling (let's create a schedule) -- Daily scheduling and supervision (what should the supervisor be doing?) -- Forms and resources overview (tools that planners use) -- The computer in maintenance (how a computer can help and hinder planning) --<br/>How planning interacts with preventive maintenance, predictive maintenance, and project work -- Control (how do we control planning itself and what are associated KPIs for planning and overall maintenance?) -- Shutdown, turnaround, overhaul, and outage management -- Conclusion: start planning --<br/>Epilogue: an alternative day in the life, May 10, 2020 --<br/>Planning is just one tool; what are the other tools needed? --<br/>The people side of planning -- What to buy and where --<br/>Sample forms and work orders -- Overview of duties for planners and others -- DIY (do it yourself) wrench time study, quick and easy in-house -- Sample work sampling (wrench time) study: "ministudy" -- Sample work sampling (wrench time) study: full-blown study -- Special factors affecting productivity --<br/>Work order system and codes -- Equipment schematics and tagging -- Computerized maintenance management systems and scheduling with excel spreadsheets -- Establishing and supporting a planning group (barriers and aids to success) --<br/>Example formal job description for planners -- Example training tests -- Questions for managers to ask to improve maintenance planning -- Contracting out work -- Concise text of missions, principles, and guidelines. |
| 520 ## - SUMMARY, ETC. | |
| Summary, etc | Fully updated and revised throughout, this is a new edition of the bestselling blockbuster that set the industry standard for maintenance planning.<br/> |
| 590 ## - LOCAL NOTE (RLIN) | |
| Local note | Wessam |
| 650 #7 - SUBJECT ADDED ENTRY--TOPICAL TERM | |
| Topical term or geographic name as entry element | Product life cycle. |
| Source of heading or term | BUEsh |
| 9 (RLIN) | 41678 |
| 650 #7 - SUBJECT ADDED ENTRY--TOPICAL TERM | |
| Topical term or geographic name as entry element | Production management. |
| Source of heading or term | BUEsh |
| 9 (RLIN) | 1855 |
| 651 ## - SUBJECT ADDED ENTRY--GEOGRAPHIC NAME | |
| Source of heading or term | BUEsh |
| 653 ## - INDEX TERM--UNCONTROLLED | |
| Resource For college | Engineering, General |
| Arrived date list | November2016 |
| 653 ## - INDEX TERM--UNCONTROLLED | |
| Resource For college | Engineering, Mechanical |
| Arrived date list | November2016 |
| 942 ## - ADDED ENTRY ELEMENTS (KOHA) | |
| Source of classification or shelving scheme | Dewey Decimal Classification |
| Edition | 22 |
| Call number prefix | 658.202 PAL |
| Withdrawn status | Item status | Source of classification or shelving scheme | Damaged status | Not for loan | Vendor | Home library | Current library | Shelving location | Date acquired | Source of acquisition | Cost, normal purchase price | Serial Enumeration / chronology | Total Checkouts | Total Renewals | Full call number | Barcode | Date last seen | Date last borrowed | Cost, replacement price | Koha item type |
|---|---|---|---|---|---|---|---|---|---|---|---|---|---|---|---|---|---|---|---|---|
| Dewey Decimal Classification | Baccah | Central Library | Central Library | First floor | 20/11/2016 | Purchase | 719.00 | 25843 | 1 | 3 | 658.202 PAL | 000034802 | 15/07/2025 | 28/10/2019 | 898.75 | Book - Borrowing |